书目信息 |
| 书名: | Family in trfansition | |
| 作者: | Arlene S.Skolnick,Jerome H.Skolnick. | |
| 分册号: | ||
| 分册名: | 出版地: | New York : |
|
| 出版社: | Longman/an imprint of Addison Wesley Longman,Inc | |
| 出版时间: | 1997. | |
| 页数: | 462 p. ; | |
| 开本: | 26cm. | |
| 丛书名: | ||
| 中图分类号: | ||
| 科图分类号: | ||
| 其他分类号: | D771.281 | |
| 主题词: | ||
| 电子资源: | ||
| 000 | 00465nam 2200157 a 4500 | |
| 001 | E0256603436 | |
| 005 | 2002050915432319 | |
| 008 | 020509s1997 00010 eng | |
| 020 | @a0-673-52512-0. | |
| 040 | @aPFT@beng | |
| 090 | @aD771.281 | |
| 099 | @dD771.281@eS626 | |
| 245 | @aFamily in trfansition / @cArlene S.Skolnick,Jerome H.Skolnick. | |
| 250 | @a9th ed. | |
| 260 | @aNew York :@bLongman/an imprint of Addison Wesley Longman,Inc.,@c1997. | |
| 300 | @a462 p. ;@c26cm. | |
| Family in trfansition / / Arlene S.Skolnick,Jerome H.Skolnick.-9th ed.-New York : : Longman/an imprint of Addison Wesley Longman,Inc., , 1997. |
| 462 p. ; ; 26cm. |
| ISBN 0-673-52512-0. |
| ● |
| 相关链接 |
|
|
|
正题名:Family in trfansition
索取号:D771.281/S626
 
预约/预借
| 序号 | 登录号 | 条形码 | 馆藏地/架位号 | 状态 | 备注 |
| 1 | 03387 | 300033871 | 社科库509/509社科库 53排3列3层/ [索取号:D771.281/S626] | 在馆 |